Normal view
MARC view
Entry Topical Term
001 - CONTROL NUMBER
- control field: 20794
003 - CONTROL NUMBER IDENTIFIER
- control field: dpl
005 - DATE AND TIME OF LATEST TRANSACTION
- control field: 20100920141028.0
008 - FIXED-LENGTH DATA ELEMENTS
- fixed length control field: 100920|||a|||||| | ||| d
040 ## - CATALOGING SOURCE
- Original cataloging agency: dpl
- Transcribing agency: dpl
150 ## - HEADING--TOPICAL TERM
- Topical term or geographic name as entry element: Hindi Poetry
- General subdivision: History and Criticism
670 ## - SOURCE DATA FOUND
- Source citation: Work cat.: (dpl)36830: दीक्षित, आनन्दप्रकाश 20792, त्रेताः एक अन्तर्यात्रा /, 2009
670 ## - SOURCE DATA FOUND
- Source citation: Work cat.: (dpl)36830: दीक्षित, आनन्दप्रकाश 20792, त्रेताः एक अन्तर्यात्रा /, 2009
